Pronombres Posesivos/Pronombres en español - Statistics

General Stats
  • This quiz has been taken 55 times
    17 since last reset
  • The average score is 14 of 18
Answer Stats
Pronoun Pronombre % Correct
He Él
100%
She Ella
100%
We (masculine) Nosotros
100%
You
100%
You (formal) Usted
100%
I Yo
100%
They (feminine) Ellas
86%
They (masculine) Ellos
86%
Mine (feminine) Mía
86%
Mine (masculine) Mío
86%
We (feminine) Nosotras
86%
Ours (masculine) Nuestro
86%
Ours (feminine) Nuestra
71%
Hers Suya
43%
His Suyo
43%
Yours (feminine) Tuya
43%
Yours (masculine) Tuyo
43%
Thiers Ésos
0%
No matching quizzes found
Score Distribution
Percent of People with Each Score
Percentile by Number Answered
Your Score History
You have not taken this quiz since the last reset